ՀՀ Գիտությունների ազգային ակադեմիայի հիմնարար գիտական գրադարան  =   Fundamental Scientific Library of NAS RA
Normal view MARC view

Entry Personal Name

Number of records used in: 20

001 - CONTROL NUMBER

  • control field: 1906

003 - CONTROL NUMBER IDENTIFIER

  • control field: AM-YEHGA

005 - DATE AND TIME OF LATEST TRANSACTION

  • control field: 20250617070432.0

008 - FIXED-LENGTH DATA ELEMENTS

  • fixed length control field: 050621 a|ac|n|aab||||||||||||a |n|||||||

040 ## - CATALOGING SOURCE

  • Original cataloging agency: AM-YEHGA

100 1# - HEADING--PERSONAL NAME

  • Personal name: Դարբինյան, Մաթևոս Կարապետի,
  • Dates associated with a name: 1889-1937

400 1# - SEE FROM TRACING--PERSONAL NAME

  • Personal name: Դարբինյան, Մաթևոս,
  • Dates associated with a name: 1889-1937

400 1# - SEE FROM TRACING--PERSONAL NAME

  • Personal name: Դարբինյան, Մատթևոս,
  • Dates associated with a name: 1889-1937

400 1# - SEE FROM TRACING--PERSONAL NAME

  • Personal name: Դարբինյան, Մ.Կ.
  • Fuller form of name: (Մաթևոս Կարապետի),
  • Dates associated with a name: 1889-1937

400 1# - SEE FROM TRACING--PERSONAL NAME

  • Personal name: Դարբինյան, Մ.
  • Fuller form of name: (Մաթևոս),
  • Dates associated with a name: 1889-1937

400 0# - SEE FROM TRACING--PERSONAL NAME

  • Personal name: Ասլան,
  • Dates associated with a name: 1889-1937

400 0# - SEE FROM TRACING--PERSONAL NAME

  • Personal name: Դարբին,
  • Dates associated with a name: 1889-1937

400 1# - SEE FROM TRACING--PERSONAL NAME

  • Personal name: Ջնդանյան,
  • Dates associated with a name: 1889-1937

400 1# - SEE FROM TRACING--PERSONAL NAME

  • Personal name: Дарбинян, Матевос Карапетович,
  • Dates associated with a name: 1889-1937

400 1# - SEE FROM TRACING--PERSONAL NAME

  • Personal name: Darbinyan, Matevos Karapeti,
  • Dates associated with a name: 1889-1937

670 ## - SOURCE DATA FOUND

  • Source citation: Հայկական համառոտ հանրագիտարան, 1995 :
  • Information found: հ. 2 (Դարբինյան Մաթևոս Կարապետի (14.7.1889, գ. Թովուզ (այժմ՝ ՀՀ Տավուշի շրջ.) - 19.9.1937), գրող)

670 ## - SOURCE DATA FOUND

  • Source citation: Խաչատրյան Հ. Գրական տեղեկատու, 1986 :
  • Information found: էջ 147 (Մաթևոս Կարապետի Դարբինյան, արձակագիր, դրամատուրգ, ՍՍՀՄ գրող. միութ. անդամ (1910-ից)։ Կրել է Ասլան, Դարբին, Ջնդանյան ծածկանունները)

670 ## - SOURCE DATA FOUND

  • Source citation: Մաթևոս Դարբինյան։ Կենսամատենագիտություն / Կազմ.. Բ.Գ. Մելյան, 1959

670 ## - SOURCE DATA FOUND

  • Source citation: Կիկոսը (Վիպակներ), 1983 :
  • Information found: տիտղթ. (Մ. Դարբինյան)


ՀՀ ԳԱԱ հիմնարար գիտական գրադարան
ՀՀ,Երևան 0019
Մարշալ Բաղրամյան 24/6
հեռախոս:(374-10) 52-47-50
Հետադարձ կապ

All site content, except where otherwise noted, is licensed under a
Creative Commons License